NFL RB's 200+ Rushing yard games - Statistics

General Stats
  • This quiz has been taken 44 times
  • The average score is 18 of 25
Answer Stats
Year Team Opp. Team Player % Correct
2025 Bills Panthers James Cook III
100%
2025 Lions Giants Jahmyr Gibbs
97%
2025 Colts Falcons Jonathan Taylor
97%
2024 Eagles Rams Saquon Barkley
91%
2022 Titans Texans Derrick Henry
88%
2024 Colts Titans Jonathan Taylor
88%
2021 Titans Texans Derrick Henry
85%
2021 Colts Jaguars Jonathan Taylor
85%
2020 Titans Jaguars Derrick Henry
82%
2020 Titans Texans Derrick Henry
82%
2019 Titans Texans Derrick Henry
82%
2022 Raiders Seahawks Josh Jacobs
82%
2018 Titans Jaguars Derrick Henry
79%
2023 Dolphins Broncos De'Von Achane
76%
2021 Vikings Steelers Dalvin Cook
74%
2020 Vikings Lions Dalvin Cook
68%
2016 Steelers Bills Le'Veon Bell
68%
2025 Panthers Dolphins Rico Dowdle
65%
2018 Rams Broncos Todd Gurley
62%
2019 Jaguars Broncos Leonard Fournette
50%
2016 Dolphins Bills Jay Ajayi
47%
2016 Dolphins Steelers Jay Ajayi
47%
2016 Dolphins Bills Jay Ajayi
44%
2015 Buccaneers Eagles Doug Martin
41%
2018 Jets Broncos Isaiah Crowell
18%
No matching quizzes found
Score Distribution
Percent of People with Each Score
Percentile by Number Answered
Your Score History
You have not taken this quiz